In the public's interest : (Record no. 100579)

MARC details
000 -LEADER
fixed length control field 00624nam a22001937a 4500
005 - DATE AND TIME OF LATEST TRANSACTION
control field 20181205145203.0
010 ## - LCCN (DPL NO)
LC control number ENG-115330
020 ## - INTERNATIONAL STANDARD BOOK NUMBER
International Standard Book Number 9788125062325
Terms of availability 820.00
035 ## - SYSTEM CONTROL NUMBER
System control number EN-98862
037 ## - SOURCE OF ACQUISITION
Source of stock number/acquisition DBAD/PUB
082 ## - DEWEY DECIMAL CLASSIFICATION NUMBER
Classification number 954.16
100 ## - MAIN ENTRY--PERSONAL NAME
Personal name Gautam Bhan
245 ## - TITLE STATEMENT
Title In the public's interest :
Remainder of title evictions citizenship and inequality in contemporary Delhi /
Statement of responsibility, etc by Gautam Bhan
260 ## - PUBLICATION, DISTRIBUTION, ETC. (IMPRINT)
Place of publication, distribution, etc New Delhi
Name of publisher, distributor, etc Orient BlackSwan
Date of publication, distribution, etc 2016
270 ## - ADDRESS
Address 1/24,Asaf Ali Road
City New Delhi
Postal code 110002
300 ## - PHYSICAL DESCRIPTION
Extent 290p :
Other physical details ill.maps
Dimensions 22cm(Hb)
500 ## - GENERAL NOTE
General note Includes references and index
942 ## - ADDED ENTRY ELEMENTS (KOHA)
Source of classification or shelving scheme Dewey Decimal Classification
Item type English Books
Call number suffix GAU
Classification part 954.16
Holdings
Withdrawn status Lost status Not for loan Collection code Home library Current library Date acquired Source of acquisition Cost, normal purchase price Full call number Barcode Copy number Cost, replacement price Koha item type
      Non-fiction Shahdara Branch Shahdara Branch 20/06/2016 DBAD/PUB 820.00 954.16 GAU EN-98862 1 820.00 English Books

© Delhi Public Library
Hit Counter
free hit counter